000
00290nam a2200121Ia 4500
008
191201s2011 xx 000 0 und d
100
_a
KANETKAR, Yashavant
245
0
_a
Working with C
250
_a
Rep
260
_c
2011
_b
BPB Publication
_a
NEW DELHI
300
_a
520
942
_2
ddc
_c
BK
_0
25
999
_c
7798
_d
7798